Animali dalla a-z: difficile - Statistics

Statistiche generali
  • Questo quiz è stato fatto 897 volte
  • Il punteggio medio è 13 su 26
Statistiche sulle risposte
Descrizione Risposta % Corretto
Rettile maestro della mimetizzazione C Camaleonte
97%
Animale simile al lama proveniente dal Sud America A Alpaca
95%
Insetto della famiglia delle Api, anch'esso impollinatore B Bombo
82%
Uccello simile allo struzzo, ma più piccolo, che vive in Australia E Emù
79%
Mollusco che spesso viene mangiato insieme alla pasta V Vongola
78%
Uccello selvatico che un tempo era cacciato e mangiato dai nobili F Fagiano
75%
Sono giganti nelle Galapagos T Tartarughe
74%
Cetaceo che sembra un unicorno N Narvalo
72%
Mammifero australiano che depone le uova e ha le zampe palmate O Ornitorinco
71%
Grande felino che vive nelle zone delle Americhe poco abitate P Puma
70%
Capra selvatica diffusa nelle zone delle Alpi S Stambecco
62%
Mammifero della famiglia dei canidi portato in Australia dall'uomo D Dingo
60%
Tipici insetti che si trovano negli stagni L Libellule
56%
È considerato l'animale più felice del mondo per le sue espressioni Q Quokka
56%
Uccello che si può riconoscere dal suo volo lento U Upupa
43%
Antilope di medie dimensioni che dà anche il nome ad una Chevrolet I Impala
40%
Pesce osseo che vive nelle zone buie tra le rocce M Murena
35%
Il ballerino è un tipo di _____ R Ragno
32%
Piccolo roditore che vive nelle zone desertiche di Asia e Africa G Gerbillo
22%
Specie di toro tropicale che vive in Africa e Asia Z Zebù
21%
Pesce chiamato anche ippoglosso H Halibut
13%
Simile alla volpe si trova nella savana brasiliana J Jaguapitango
12%
Razza di cane terrier di piccola taglia proveniente dall'Inghilterra Y Yorkshire Terrier
12%
Volatile australiano che mangia piccoli topi e non ha paura dell'uomo K Kookaburra
6%
Insetto neozelandese che arriva a pesare anche 70g W Weta gigante
2%
Pesce d'acqua dolce tropicale chiamato anche portaspada X Xifoforo
1%
Nessun quiz corrispondente trovato
Distribuzione punteggi
Percentuale di utenti per punteggio
Percentile per numero di risposta
I tuoi punteggi nel tempo
Non hai fatto questo quiz